Zadlžovať sa? Jedine s rozumom

Prečo niektorí ľudia odmietajú úver, splácanie úveru, neschopnosť splácania.

Gespeichert in:
Bibliographische Detailangaben
1. Verfasser: Škriniar, Pavel, 1979-
Format: Buchkapitel
Sprache:Slowakisch
Schlagworte:
Tags: Tag hinzufügen
Keine Tags, Fügen Sie das erste Tag hinzu!

MARC

LEADER 00000naa a2200000 4500
001 0176771
005 20240502073019.8
041 0 |a slo 
044 |a SK 
245 1 0 |a Zadlžovať sa? Jedine s rozumom  |c Pavel Škriniar 
520 |a Prečo niektorí ľudia odmietajú úver, splácanie úveru, neschopnosť splácania. 
610 2 0 |a úver 
610 2 0 |a zadlženosť 
610 2 0 |a splátky 
100 1 |a Škriniar, Pavel, 1979-